LEADER 01103nam 2200265 n 450 001 996395259003316 005 20200824132216.0 035 $a(CKB)3810000000013285 035 $a(EEBO)2248547710 035 $a(EXLCZ)993810000000013285 100 $a19851108d1672 uy 101 0 $alat 135 $aurbn||||a|bb| 200 10$aBrevissima institutio seu Ratio grammatices cognoscendae$b[electronic resource] $ead omnium puerorum utilitatem præscripta: quam solam regia majestas in omnibus scholis docendam præcipit. Additis subinde observationibus utilissimis, ex Despauterio, Alvari, Sanctio, Vossio, Busbeio, &, quotquot nuper scripsere grammaticis Latinis; quæ universam artem grammaticam exhauriunt 210 $aOxonii, $cE. Theatro Sheldoniano$dAn. Dom. M. DC. LXXII. [1672] 215 $a[2]+ p 700 $aLily$b William$f1468?-1522.$0841046 801 0$bCu-RivES 801 1$bCu-RivES 801 2$bCStRLIN 801 2$bCu-RivES 906 $aBOOK 912 $a996395259003316 996 $aBrevissima institutio seu Ratio grammatices cognoscendae$92313515 997 $aUNISA